<?xml version="1.0" encoding="UTF-8"?>
<record
    xmlns:xsi="http://www.w3.org/2001/XMLSchema-instance"
    xsi:schemaLocation="http://www.loc.gov/MARC21/slim http://www.loc.gov/standards/marcxml/schema/MARC21slim.xsd"
    xmlns="http://www.loc.gov/MARC21/slim">

  <leader>02182nam a2200253zi 4500</leader>
  <controlfield tag="001">991061170976006706</controlfield>
  <controlfield tag="005">20250514104624.0</controlfield>
  <controlfield tag="008">240809s2024    sp aa        |||| 0 spa|c</controlfield>
  <datafield tag="020" ind1=" " ind2=" ">
    <subfield code="a">9788441550308</subfield>
  </datafield>
  <datafield tag="040" ind1=" " ind2=" ">
    <subfield code="a">ES-BaCOP</subfield>
    <subfield code="b">cat</subfield>
    <subfield code="c">ES-BaCOP</subfield>
    <subfield code="e">rda</subfield>
  </datafield>
  <datafield tag="041" ind1="1" ind2=" ">
    <subfield code="a">spa</subfield>
  </datafield>
  <datafield tag="041" ind1="1" ind2=" ">
    <subfield code="h">eng</subfield>
  </datafield>
  <datafield tag="050" ind1=" " ind2=" ">
    <subfield code="a">QP376 </subfield>
    <subfield code="b">.D56 2019</subfield>
  </datafield>
  <datafield tag="100" ind1=" " ind2=" ">
    <subfield code="a">Dingman, Marc</subfield>
    <subfield code="c">Dr.</subfield>
    <subfield code="e">author</subfield>
    <subfield code="9">25240</subfield>
  </datafield>
  <datafield tag="240" ind1="1" ind2="0">
    <subfield code="a">Your brain, explained.</subfield>
    <subfield code="l">Spanish.</subfield>
  </datafield>
  <datafield tag="245" ind1="1" ind2="0">
    <subfield code="a">Tu cerebro al descubierto</subfield>
    <subfield code="b">: lo que la neurociencia nos revela sobre el cerebro y sus rarezas </subfield>
    <subfield code="c">/ Dr. Marc Dingman.</subfield>
  </datafield>
  <datafield tag="260" ind1=" " ind2=" ">
    <subfield code="a">Madrid :</subfield>
    <subfield code="b">Oberon,</subfield>
    <subfield code="c">2024.</subfield>
  </datafield>
  <datafield tag="300" ind1=" " ind2=" ">
    <subfield code="a">254 pages :</subfield>
    <subfield code="b">illustrations ;</subfield>
    <subfield code="c">23 cm.</subfield>
  </datafield>
  <datafield tag="520" ind1=" " ind2=" ">
    <subfield code="a">Tu cerebro al descubierto te propone un viaje personal por el universo de tu materia gris. El neurocient&#xED;fico Marc Dingman ofrece un curso intensivo sobre el funcionamiento del cerebro y explica las &#xFA;ltimas investigaciones cient&#xED;ficas orientadas a tratar de esclarecer las distintas funciones cerebrales y sus efectos sobre tu d&#xED;a a d&#xED;a.

Descubrir&#xE1;s al mismo tiempo que ocurre cuando el cerebro no funciona como debiera y los trastornos que esto provoca, como el insomnio, el TDAH, la depresi&#xF3;n o las adicciones. Aprender&#xE1;s lo que la neurociencia est&#xE1; haciendo para tratar de eliminar estos trastornos, adem&#xE1;s de proporcionarte las herramientas necesarias para que t&#xFA; mismo puedas defenderte de los fallos de la mente.</subfield>
  </datafield>
  <datafield tag="520" ind1=" " ind2=" ">
    <subfield code="a">Your Brain, Uncovered invites you on a personal journey through the universe of your gray matter. Neuroscientist Marc Dingman offers an intensive course on how the brain works and explains the latest scientific research aimed at uncovering the various brain functions and their effects on your daily life.

At the same time, you&#x2019;ll discover what happens when the brain doesn&#x2019;t function as it should and the disorders this can cause&#x2014;such as insomnia, ADHD, depression, or addictions. You&#x2019;ll learn what neuroscience is doing to try to eliminate these conditions, while also gaining the tools you need to defend yourself against the mind&#x2019;s failures.</subfield>
  </datafield>
  <datafield tag="650" ind1=" " ind2="0">
    <subfield code="a">Brain </subfield>
    <subfield code="v">Popular works</subfield>
    <subfield code="9">11753</subfield>
  </datafield>
  <datafield tag="650" ind1=" " ind2="0">
    <subfield code="a">Neurosciences </subfield>
    <subfield code="x">Popular works</subfield>
    <subfield code="9">11755</subfield>
  </datafield>
  <datafield tag="942" ind1=" " ind2=" ">
    <subfield code="2">lcc</subfield>
  </datafield>
  <datafield tag="952" ind1=" " ind2=" ">
    <subfield code="0">0</subfield>
    <subfield code="1">0</subfield>
    <subfield code="2">lcc</subfield>
    <subfield code="4">0</subfield>
    <subfield code="7">0</subfield>
    <subfield code="a">TBS</subfield>
    <subfield code="b">TBS</subfield>
    <subfield code="d">2025-05-14</subfield>
    <subfield code="l">0</subfield>
    <subfield code="o">QP376 DIN</subfield>
    <subfield code="p">B05812</subfield>
    <subfield code="r">2025-05-14</subfield>
    <subfield code="t">1</subfield>
    <subfield code="w">2025-05-14</subfield>
    <subfield code="y">1</subfield>
    <subfield code="z">WELL COLLECTION</subfield>
  </datafield>
  <datafield tag="999" ind1=" " ind2=" ">
    <subfield code="c">4665</subfield>
    <subfield code="d">4665</subfield>
  </datafield>
</record>
